NCAAM Basketball Logo Quiz: ASUN - Statistics

General Stats
  • This quiz has been taken 324 times
    135 since last reset
  • The average score is 8 of 12
Answer Stats
Picture Answer % Correct
Austin Peay
89%
Jacksonville
84%
Stetson
80%
Eastern Kentucky
76%
Lipscomb
76%
Bellarmine
71%
FGCU
71%
Central Arkansas
69%
North Alabama
60%
North Florida
53%
West Georgia
49%
Queens (NC)
40%
No matching quizzes found
Score Distribution
Percent of People with Each Score
Percentile by Number Answered
Your Score History
You have not taken this quiz since the last reset